Sports Quiz

Random Sports Quiz
Score 0/40 Timer 10:00
0 Plays Today
% Correct
Geelong
98%
Hawthorn
93.1%
Geelong
92.3%
Sydney
85.7%
Port Adelaide
83.3%
Essendon
83.3%
Brisbane Lions
82.1%
Brisbane Lions
81.9%
Brisbane Lions
81.9%
West Coast Eagles
80.7%
North Melbourne
79.4%
Adelaide
77.6%
Adelaide
75%
Carlton
71.3%
North Melbourne
70.9%
Collingwood
69.2%
Essendon
67.2%
West Coast Eagles
67%
Hawthorn
66.6%
West Coast Eagles
65.4%
% Correct
Hawthorn
65.2%
Hawthorn
64.4%
Hawthorn
60.5%
Essendon
59.9%
Carlton
59.7%
Richmond
59.5%
Hawthorn
58.7%
Carlton
58.7%
Essendon
58.3%
Carlton
56.2%
Carlton
53.4%
North Melbourne
52.3%
Carlton
52.1%
Hawthorn
51.1%
Hawthorn
50.3%
North Melbourne
50.3%
Richmond
49.1%
Richmond
49.1%
Carlton
47.9%
Hawthorn
46.8%

You're not logged in!

Compare scores with friends on all Sporcle quizzes.
OR
Log In

Sporcle TV

Today on Sporcle TV


Watch our educational content, quiz creation guides, and fun videos on Sporcle TV.

Show Comments

Extras

Created Oct 10, 2009ReportNominate
Tags:1970s, 2009, AFL, final, Final Winners, grand, Winner

Top Quizzes Today


Score Distribution

Paid Content

Your Account Isn't Verified!

In order to create a playlist on Sporcle, you need to verify the email address you used during registration. Go to your Sporcle Settings to finish the process.

Report this User

Report this user for behavior that violates our Community Guidelines.

Details: